[Event "Olomouc Chess Summer 2013 - Open Olomou"]
[Site "Olomouc"]
[Date "2013.08.08"]
[Round "9.19"]
[White "Johansson, Jan"]
[Black "Blazeka, Damjan"]
[Result "1-0"]
[WhiteElo "2394"]
[BlackElo "2096"]
[PlyCount "57"]
[EventDate "2013.??.??"]

1. d4 Nf6 2. Nf3 g6 3. c4 Bg7 4. Nc3 d6 5. Bg5 O-O 6. h3 c5 7. d5 h6 8. Bf4 Nh5
9. Bd2 e5 10. Qc1 g5 11. e4 Na6 12. Qd1 Nf4 13. g3 Ng6 14. Nh2 f5 15. Qh5 Qf6
16. O-O-O f4 17. Be2 Ne7 18. Nb5 Rd8 19. h4 Qg6 20. Qxg6 Nxg6 21. Bh5 Nf8 22.
hxg5 hxg5 23. a3 Bd7 24. Nxd6 Ba4 25. Bf7+ Kh8 26. Ng4+ Nh7 27. Rxh7+ Kxh7 28.
Rh1+ Bh6 29. Nf5 1-0

[Event "Olomouc Chess Summer 2013 - Open senior"]
[Site "Olomouc"]
[Date "2013.08.08"]
[Round "9.1"]
[White "Golcman, Evgeny"]
[Black "Stec, Frantisek"]
[Result "1-0"]
[WhiteElo "2264"]
[BlackElo "2017"]
[PlyCount "43"]
[EventDate "2013.??.??"]

1. c4 Nf6 2. Nc3 d6 3. d4 g6 4. e4 Bg7 5. f3 O-O 6. Be3 c6 7. Qd2 a6 8. Nge2 e5
9. dxe5 dxe5 10. Qxd8 Rxd8 11. Nc1 Be6 12. Nb3 Nfd7 13. O-O-O Rc8 14. Kb1 Bf8
15. Be2 b5 16. Rc1 Bb4 17. a3 Be7 18. Rhd1 a5 19. Nd5 cxd5 20. cxd5 Rxc1+ 21.
Kxc1 Bxd5 22. Rxd5 1-0

[Event "Olomouc Chess Summer 2013 - Open senior"]
[Site "Olomouc"]
[Date "2013.08.08"]
[Round "9.2"]
[White "Vorobyov, Yrij"]
[Black "Tsifanskaya, Ludmila"]
[Result "1/2-1/2"]
[WhiteElo "2238"]
[BlackElo "2124"]
[PlyCount "41"]
[EventDate "2013.??.??"]

1. Nf3 c5 2. c4 Nc6 3. d4 cxd4 4. Nxd4 Nf6 5. Nc3 e6 6. a3 d5 7. cxd5 Nxd5 8.
Nxc6 bxc6 9. Bd2 Be7 10. e4 Nxc3 11. Bxc3 O-O 12. Bc4 Qc7 13. Qh5 Qf4 14. Qe5
Qg4 15. f3 Qxg2 16. O-O-O Bf6 17. Qa5 Bxc3 18. Qxc3 Qg5+ 19. Kc2 e5 20. h4 Qf4
21. Rd6 1/2-1/2

[Event "Olomouc Chess Summer 2013 - Open senior"]
[Site "Olomouc"]
[Date "2013.08.08"]
[Round "9.3"]
[White "Zoltek, Tadeusz"]
[Black "Fiala, Jiri"]
[Result "1/2-1/2"]
[WhiteElo "2165"]
[BlackElo "2005"]
[PlyCount "37"]
[EventDate "2013.??.??"]

1. c4 c5 2. Nf3 Nc6 3. g3 g6 4. Bg2 Bg7 5. O-O d6 6. Nc3 e5 7. d3 Nge7 8. Rb1
Rb8 9. Bg5 h6 10. Bxe7 Qxe7 11. Nd5 Qd8 12. b4 b6 13. Qa4 Bd7 14. b5 Na5 15.
Qc2 O-O 16. Nd2 Be6 17. Nb3 Nb7 18. a4 Kh7 19. Nc3 1/2-1/2